00701nam a2200229 a 4500001001300000003000900013005001700022008004100039020002300080082001600103100002700119245004100146260003600187300001000223500003500233650002700268700002700295902000800322942000700330952011700337999001700454nice12345678IN_TiNIC20260116014010.0131003s1953 newa grp 000 0 eng  a9780140440331c55000a921.4bROU1 aRousseau, Jean-Jacques aConfessions of Jean-Jacques Rousseau aNew DelhibPenguin Books c1953 a606p  aincludes index and biblioraphy aRousseau-Autobiography1 aRousseau, Jean-Jacques bSRS cBK 001040708StackRoom-aHMIbHMId2013-10-03g550.00l0o921.4 ROU1p024124r2013-10-03v550.00w2013-10-03yBK c13437d13437